Normal view
MARC view
Entry Personal Name
001 - CONTROL NUMBER
- control field: 1041074
003 - CONTROL NUMBER IDENTIFIER
- control field: OSt
005 - DATE AND TIME OF LATEST TRANSACTION
- control field: 20260121161153.0
008 - FIXED-LENGTH DATA ELEMENTS
- fixed length control field: 260121|| aca||aabn | a|a d
040 ## - CATALOGING SOURCE
- Original cataloging agency: OSt
- Transcribing agency: OSt
100 ## - HEADING--PERSONAL NAME
- Personal name: Joanna Wojdon
670 ## - SOURCE DATA FOUND
- Source citation: Work cat.: (OSt)1607890: Joanna Wojdon, Polish American History after 1939:Polish American History from 1854 to 2004, Volume 2
